1147 1514 1753 1722 1169 1873 1392 1539 1011 1521 1243 1532 1416 1117 1870 1844 1955 1073 1597 1740 1001 1568 1453 1418 1730 1625 1276 1349 1302 1827 1069 1188 1028 1731 1057 1391 1083 1454 1066 1001 1812 1769 1783 1781 1584 1256 1277 1676 1708 1931 1877 1825 1280 1497 1151 1142 1123 1050 1028 1992 1439 1264 1693 1021 1347 1166 1272 1184 1270 1899 1179 1384 1951 1209 1266 1592 1448 1421 1797 1542 1393 1368 1699 1217 1233 1390 1156 1716 1208 1086 1126 1180 1534 1716 1043 1475 1966 1101 1395 BCNSPRNW ULIB Ver.6.0+V

เปลี่ยนเป็นภาษาไทย

Change to English
 แสดงรายละเอียดบรรณานุกรม
  กลับหน้าหลัก

Brief Record : Get Marc (ISO 2709) : E-mail record : QR code < ปิดหน้าต่าง
LEADER : 00000nam 2200000uu 4500
001    13399115235
003     ULIB
008    120806s2010||||th 000 0 tha d
020    ^a1605472336
020    9781605472331
060 04 ^aQS4^bD537A 2010
100 1  ^aDiane Labus, Gale Thompson
245 10 ^aAnatomy&physiology an incredibly visual pocket guide /^cDiane Labus, Gale Thompson
246 30 ^aAnatomy and physiology
260    ^aChina :^bWolters Kluwer/Lippincott Williams & Wilkins,^c2010
300    ^a377 P
650  0 ^aHuman anatomy
650  0 ^aHuman physiology
650  2 ^aAnatomy
650  2 ^aPhysiology
945    ^p0^l0^i17770
945    ^p0^l0^i17771
945    ^p0^l0^i17772
995    ^aTossapron
999    ^aทศพร
รายการนี้ยังไม่มีแท็ก
คุณยังไม่ได้ล็อกอิน คุณสามารถมีกิจกรรมร่วมกับเว็บไซต์ได้ แต่ต้องล็อกอินก่อน ::
  ล็อกอิน

รายการสื่อสารสนเทศ

ลำดับที่ ประเภท เลขเรียก/บาร์โค้ด สถานที่ สถานะ
1. วิทยาศาสตร์การแพทย์ และสุขภาพ
วิทยาศาสตร์การแพทย์ และสุขภาพ
QS4 D537A 2010 ฉ.3 
  Barcode: 17772
ห้องสมุดวิทยาเขตสวรรค์ประชารักษ์
►หนังสือทั่วไป
บนชั้น

รายการใกล้เคียง
    ผู้แต่ง [Diane Labus, Gale Thompson]

    หัวเรื่อง [Human anatomy]
    หัวเรื่อง [Human physiology]
    หัวเรื่อง [Anatomy]
    หัวเรื่อง [Physiology]

BibComment


ยังไม่เคยถูกคอมเมนท์

คอมเมนท์ทรัพยากรรายการนี้
  คอมเมนท์: Anatomyphysiolog..


 Copyright 2026. Bcnsprnw @Library